000 01238nam a22003017a 4500
005 20121121151037.0
008 121121t xxu||||| |||| 00| 0 eng d
010 _aENG-106184
020 _a9781259029202
_c295.00
020 _a1259029204
_c295.00
035 _aEN-89717
037 _bDBAD/PUB
040 _aDPL
_bEng
082 _a302.3
100 1 _aBrinkman, Rick
_953679
245 1 4 _aDealing with people you can’t stand :
_cby by Rick Brinkman [and] Rick Kirschner
_bhow to bring out the best in people at their worst /
250 _arev. and expanded 3rd ed
260 _aNew Delhi
_bTata McGraw-Hill
_c2012
270 _a7 West Patel Nagar
_bNew Delhi
_e110008
300 _axvii,283p. :
_bill.
_c24cm(pbk)
650 _aInterpersonal relations.
_953691
650 _aInterpersonal communication.
_953693
650 _aPsychology, Industrial.
_953694
700 _aKirschner, Rick.
_953692
942 _2ddc
_cEN
_h302.3
_mBRI
999 _c71547
_d71547